[Event "Niedersachsen-chT U12"]
[Site "Verden an der Aller"]
[Date "2008.05.01"]
[Round "4.1"]
[White "Oehne, Timo"]
[Black "Pawelzik, Niklas"]
[Result "1/2-1/2"]
[WhiteElo "1032"]
[BlackElo "1010"]
[PlyCount "58"]
[EventDate "2008.05.01"]
[EventType "team"]
[EventRounds "7"]
[EventCountry "GER"]
[SourceTitle "EXT 2009"]
[Source "ChessBase"]
[SourceDate "2008.11.26"]
[SourceVersion "1"]
[SourceVersionDate "2008.11.26"]
[SourceQuality "1"]

1. d4 f5 2. c4 Nf6 3. Bg5 d6 4. Nf3 h6 5. Bxf6 gxf6 6. e3 e5 7. Nh4 Be6 8. Qh5+ Bf7 9. Qxf5 Qd7 10. Qf3 Be7 11. Qxb7 Qc6 12. Qxc6+ Nxc6 13. c5 Rb8 14. b3 exd4 15. cxd6 Bxd6 16. Nf5 Bb4+ 17. Nd2 dxe3 18. Nxe3 Nd4 19. Rc1 Bxd2+ 20. Kxd2 Rd8 21. Ke1 c6 22. Be2 Nxe2 23. Kxe2 Rc8 24. Nf5 Kd7 25. Rhd1+ Kc7 26. Rd6 Rhe8+ 27. Kf1 Re6 28. Rxe6 Bxe6 29. Nd4 Bd5 1/2-1/2

[Event "Niedersachsen-chT U12"]
[Site "Verden an der Aller"]
[Date "2008.05.01"]
[Round "3.1"]
[White "Wagner, Dario"]
[Black "Pawelzik, Niklas"]
[Result "1/2-1/2"]
[WhiteElo "966"]
[BlackElo "1010"]
[PlyCount "69"]
[EventDate "2008.05.01"]
[EventType "team"]
[EventRounds "7"]
[EventCountry "GER"]
[SourceTitle "EXT 2009"]
[Source "ChessBase"]
[SourceDate "2008.11.26"]
[SourceVersion "1"]
[SourceVersionDate "2008.11.26"]
[SourceQuality "1"]

1. e4 e5 2. f4 Nc6 3. Nf3 d6 4. Bc4 Bg4 5. 0-0 f5 6. exf5 e4 7. Qe1 Nf6 8. Ng5 d5 9. Ne6 Qd7 10. Bb5 Bxf5 11. Nd4 Bc5 12. c3 a6 13. Bxc6 Bxd4+ 14. cxd4 Qxc6 15. d3 0-0 16. dxe4 Bxe4 17. f5 Rae8 18. Qg3 Bxf5 19. Bh6 Bg6 20. Bg5 Qb6 21. Bxf6 Rxf6 22. Nc3 Qxd4+ 23. Kh1 Rxf1+ 24. Rxf1 Qd3 25. Qf2 Qf5 26. Qxf5 Bxf5 27. Nxd5 c6 28. Nc3 b5 29. Kg1 g6 30. h3 Kf7 31. g4 Kf6 32. gxf5 gxf5 33. Kg2 b4 34. Na4 a5 35. Rc1 1/2-1/2